[Event "DVM U14 2018"]
[Site "Magdeburg GER"]
[Date "2018.12.28"]
[Round "4"]
[White "Toval, David"]
[Black "Lohr, Maximilian"]
[Result "1/2-1/2"]
[Termination "normal"]
[Board "4.2"]
[WhiteElo "1866"]
[BlackElo "1940"]
[WhiteClock "00:32:50"]
[BlackClock "00:15:58"]
[WhiteTeam "SK Münster"]
[BlackTeam "FC Ergolding"]
[PlyCount "84"]
[WhiteFideId "12992755"]
[BlackFideId "12999717"]
[EventCountry "GER"]
[EventRounds "7"]
[EventType "team-swiss"]
[EventDate "2018.12.26"]

1. e4 {[%clk 1:30:56]} c5 {[%clk 1:30:56]} 2. Nf3 {[%clk 1:31:17]} d6 {[%clk
1:31:18]} 3. d4 {[%clk 1:31:41]} cxd4 {[%clk 1:31:43]} 4. Nxd4 {[%clk 1:32:06]}
Nf6 {[%clk 1:32:08]} 5. Nc3 {[%clk 1:32:29]} a6 {[%clk 1:32:35]} 6. Bc4 {[%clk
1:32:44]} e6 {[%clk 1:32:48]} 7. Bb3 {[%clk 1:33:01]} b5 {[%clk 1:33:14]} 8.
Be3 {[%clk 1:33:05]} d5 {[%clk 1:30:22]} 9. e5 {[%clk 1:32:06]} Nfd7 {[%clk
1:30:39]} 10. f4 {[%clk 1:31:47]} Qb6 {[%clk 1:20:47]} 11. Nxd5 {[%clk
1:14:10]} exd5 {[%clk 1:19:34]} 12. Bxd5 {[%clk 1:14:33]} Bb7 {[%clk 1:07:28]}
13. Bxf7+ {[%clk 1:14:52]} Kxf7 {[%clk 1:07:05]} 14. e6+ {[%clk 1:15:01]} Ke8
{[%clk 1:07:09]} 15. exd7+ {[%clk 1:14:48]} Nxd7 {[%clk 1:07:29]} 16. O-O
{[%clk 1:14:55]} Be7 {[%clk 1:05:37]} 17. Re1 {[%clk 1:08:10]} Qg6 {[%clk
1:03:52]} 18. Qe2 {[%clk 1:08:07]} Kf7 {[%clk 0:52:36]} 19. f5 {[%clk 1:06:43]}
Qf6 {[%clk 0:52:46]} 20. Ne6 {[%clk 1:01:10]} Bd6 {[%clk 0:42:35]} 21. Rad1
{[%clk 0:50:04]} Qe5 {[%clk 0:36:44]} 22. Bf4 {[%clk 0:48:03]} Qxe2 {[%clk
0:36:30]} 23. Rxe2 {[%clk 0:48:25]} Bc5+ {[%clk 0:36:31]} 24. Nxc5 {[%clk
0:48:45]} Nxc5 {[%clk 0:36:55]} 25. b4 {[%clk 0:48:18]} Rhe8 {[%clk 0:30:08]}
26. Rxe8 {[%clk 0:47:44]} Rxe8 {[%clk 0:30:35]} 27. bxc5 {[%clk 0:47:53]} Kf6
{[%clk 0:30:47]} 28. g4 {[%clk 0:47:46]} Rc8 {[%clk 0:21:59]} 29. Rd6+ {[%clk
0:46:01]} Ke7 {[%clk 0:22:16]} 30. Re6+ {[%clk 0:44:11]} Kf7 {[%clk 0:22:07]}
31. Rb6 {[%clk 0:41:58]} Bf3 {[%clk 0:21:22]} 32. Bd6 {[%clk 0:36:29]} Bxg4
{[%clk 0:21:02]} 33. c6 {[%clk 0:36:18]} Bxf5 {[%clk 0:20:38]} 34. c3 {[%clk
0:35:54]} Ke6 {[%clk 0:20:23]} 35. c7 {[%clk 0:35:28]} Kd5 {[%clk 0:20:43]} 36.
Rxa6 {[%clk 0:35:06]} g6 {[%clk 0:16:40]} 37. Kf2 {[%clk 0:33:27]} Bd7 {[%clk
0:16:26]} 38. Ke3 {[%clk 0:32:21]} Re8+ {[%clk 0:16:37]} 39. Kd2 {[%clk
0:31:53]} Re6 {[%clk 0:15:41]} 40. Ra8 {[%clk 0:32:04]} Rxd6 {[%clk 0:16:04]}
41. c8=Q {[%clk 0:32:25]} Bxc8 {[%clk 0:16:25]} 42. Rxc8 {[%clk 0:32:50]} Ra6
{[%clk 0:15:58]} 1/2-1/2

[Event "DVM U14 2018"]
[Site "Magdeburg GER"]
[Date "2018.12.28"]
[Round "4"]
[White "Sowka, Patrick"]
[Black "Schröder, Lennart"]
[Result "1/2-1/2"]
[Termination "normal"]
[Board "4.3"]
[WhiteElo "1571"]
[BlackElo "1762"]
[WhiteClock "00:06:21"]
[BlackClock "01:00:19"]
[WhiteTeam "FC Ergolding"]
[BlackTeam "SK Münster"]
[PlyCount "74"]
[WhiteFideId "16234944"]
[BlackFideId "16222490"]
[EventCountry "GER"]
[EventRounds "7"]
[EventType "team-swiss"]
[EventDate "2018.12.26"]

1. e4 {[%clk 1:30:57]} c5 {[%clk 1:30:51]} 2. c3 {[%clk 1:31:17]} Nf6 {[%clk
1:31:08]} 3. e5 {[%clk 1:31:37]} Nd5 {[%clk 1:31:30]} 4. d4 {[%clk 1:31:56]}
cxd4 {[%clk 1:31:50]} 5. cxd4 {[%clk 1:32:22]} Nc6 {[%clk 1:31:57]} 6. Nc3
{[%clk 1:32:14]} Nxc3 {[%clk 1:31:53]} 7. bxc3 {[%clk 1:32:39]} d6 {[%clk
1:31:46]} 8. exd6 {[%clk 1:30:57]} Qxd6 {[%clk 1:32:04]} 9. Nf3 {[%clk
1:30:16]} Bg4 {[%clk 1:30:57]} 10. Be2 {[%clk 1:27:48]} g6 {[%clk 1:29:04]} 11.
Qb3 {[%clk 1:24:55]} Bxf3 {[%clk 1:25:14]} 12. Bxf3 {[%clk 1:20:41]} Bg7 {[%clk
1:23:09]} 13. Qxb7 {[%clk 1:14:45]} Qe6+ {[%clk 1:22:10]} 14. Be3 {[%clk
1:14:11]} Rc8 {[%clk 1:22:18]} 15. Bd5 {[%clk 1:10:55]} Qd7 {[%clk 1:21:48]}
16. Bxf7+ {[%clk 1:10:10]} Kd8 {[%clk 1:22:03]} 17. Qxd7+ {[%clk 1:09:29]} Kxd7
{[%clk 1:22:25]} 18. Bb3 {[%clk 1:08:17]} Na5 {[%clk 1:20:48]} 19. Rc1 {[%clk
1:07:51]} Nc4 {[%clk 1:19:57]} 20. Bf4 {[%clk 1:04:58]} Rhf8 {[%clk 1:16:56]}
21. Bg3 {[%clk 1:04:00]} Bh6 {[%clk 1:15:27]} 22. Rd1 {[%clk 0:58:25]} Nb2
{[%clk 1:14:11]} 23. Rb1 {[%clk 0:58:43]} Nd3+ {[%clk 1:14:22]} 24. Ke2 {[%clk
0:58:49]} Rxc3 {[%clk 1:14:38]} 25. Ba4+ {[%clk 0:57:41]} Ke6 {[%clk 1:14:26]}
26. d5+ {[%clk 0:57:37]} Kf6 {[%clk 1:10:25]} 27. Rhd1 {[%clk 0:44:59]} Nf4+
{[%clk 1:07:33]} 28. Kf1 {[%clk 0:42:16]} Rd8 {[%clk 1:05:27]} 29. Rb3 {[%clk
0:24:18]} Rc5 {[%clk 1:01:43]} 30. Rb7 {[%clk 0:20:50]} a5 {[%clk 1:00:58]} 31.
Bxf4 {[%clk 0:12:55]} Bxf4 {[%clk 1:01:18]} 32. Re1 {[%clk 0:12:57]} Bd6 {[%clk
0:59:42]} 33. Bc6 {[%clk 0:11:46]} Rc2 {[%clk 0:58:56]} 34. Re2 {[%clk
0:09:32]} Rc1+ {[%clk 0:59:16]} 35. Re1 {[%clk 0:09:56]} Rc2 {[%clk 0:59:41]}
36. Re2 {[%clk 0:06:15]} Rc1+ {[%clk 1:00:02]} 37. Re1 {[%clk 0:06:21]} Rc2
{[%clk 1:00:19]} 1/2-1/2

[Event "DVM U14 2018"]
[Site "Magdeburg GER"]
[Date "2018.12.28"]
[Round "4"]
[White "John, Niklas"]
[Black "Handschuh, Felix"]
[Result "0-1"]
[Termination "normal"]
[Board "4.4"]
[WhiteElo "1328"]
[BlackElo "1524"]
[WhiteClock "00:41:25"]
[BlackClock "00:47:44"]
[WhiteTeam "SK Münster"]
[BlackTeam "FC Ergolding"]
[PlyCount "60"]
[WhiteFideId "16234626"]
[BlackFideId "12997447"]
[EventCountry "GER"]
[EventRounds "7"]
[EventType "team-swiss"]
[EventDate "2018.12.26"]

1. e4 {[%clk 1:30:55]} e6 {[%clk 1:30:53]} 2. d4 {[%clk 1:31:09]} d5 {[%clk
1:31:16]} 3. Nd2 {[%clk 1:31:18]} dxe4 {[%clk 1:31:32]} 4. Nxe4 {[%clk
1:31:17]} Bd7 {[%clk 1:31:51]} 5. Nf3 {[%clk 1:31:10]} Bc6 {[%clk 1:32:13]} 6.
Bd3 {[%clk 1:30:51]} Nd7 {[%clk 1:32:14]} 7. O-O {[%clk 1:30:21]} Ngf6 {[%clk
1:31:31]} 8. Ned2 {[%clk 1:29:18]} Bd6 {[%clk 1:28:45]} 9. Nc4 {[%clk 1:25:03]}
Qe7 {[%clk 1:27:46]} 10. Bd2 {[%clk 1:19:47]} Ng4 {[%clk 1:09:59]} 11. h3
{[%clk 1:04:54]} Bxf3 {[%clk 1:08:36]} 12. Qxf3 {[%clk 1:03:28]} Nh2 {[%clk
1:02:10]} 13. Qxb7 {[%clk 0:57:13]} Rb8 {[%clk 1:01:44]} 14. Qxa7 {[%clk
0:56:20]} Nxf1 {[%clk 1:01:44]} 15. Kxf1 {[%clk 0:55:10]} O-O {[%clk 1:01:40]}
16. Be4 {[%clk 0:48:42]} f5 {[%clk 0:52:51]} 17. Bc6 {[%clk 0:41:25]} Nb6
{[%clk 0:47:44]} 18. b3 Nxc4 19. bxc4 Rb2 20. Rc1 Rd8 21. Bc3 Rb6 22. d5 e5 23.
Re1 Bc5 24. Qa4 e4 25. Re2 Qd6 26. Kg1 Bd4 27. Bd2 Be5 28. Kh1 Qc5 29. Be1 Rb1
30. Kg1 Bg3 0-1

[Event "DVM U14 2018"]
[Site "Magdeburg GER"]
[Date "2018.12.28"]
[Round "4"]
[White "Skabs, Denis"]
[Black "Kosev, Momchil"]
[Result "0-1"]
[Termination "normal"]
[Board "5.1"]
[WhiteElo "1706"]
[BlackElo "1825"]
[WhiteTeam "SF Brackel"]
[BlackTeam "Erfurter SK"]
[PlyCount "114"]
[WhiteFideId "16248449"]
[BlackFideId "12975982"]
[EventCountry "GER"]
[EventRounds "7"]
[EventType "team-swiss"]
[EventDate "2018.12.26"]

1. e4 c5 2. d4 cxd4 3. c3 dxc3 4. Nxc3 d6 5. Bc4 Nc6 6. Nf3 a6 7. O-O Nf6 8.
Qe2 Bg4 9. Rd1 e6 10. Bf4 Qb8 11. h3 Bxf3 12. Qxf3 Ne5 13. Bxe5 dxe5 14. a4 b6
15. Qd3 Qb7 16. a5 Bc5 17. axb6 O-O 18. Rxa6 Rxa6 19. Bxa6 Qxb6 20. Rd2 Bd4 21.
Bc4 Rd8 22. Qc2 Qc6 23. Bb5 Qb7 24. Ba4 Rf8 25. Kh2 Bxc3 26. bxc3 Qxe4 27. Qxe4
Nxe4 28. Rc2 Nc5 29. Bb5 f5 30. Bc4 Kf7 31. Ra2 Ne4 32. Ra6 Re8 33. Bb5 Re7 34.
c4 Nxf2 35. c5 Ne4 36. Rc6 Nf6 37. Rc8 Nd5 38. Bc4 Rc7 39. Rxc7+ Nxc7 40. Kg3
Ke7 41. Kh4 Kd7 42. Kg5 e4 43. g4 g6 44. Kf6 f4 45. Ke5 g5 46. Kxe4 Kc6 47. Be2
Kxc5 48. Ke5 h6 49. Bf3 Kc4 50. Kd6 Nb5+ 51. Ke5 Nd4 52. Bh1 Kd3 53. Kf6 f3 54.
Kg6 f2 55. Bg2 Ke2 56. Kxh6 Nf3 57. h4 Nxh4 0-1

[Event "DVM U14 2018"]
[Site "Magdeburg GER"]
[Date "2018.12.28"]
[Round "4"]
[White "Wagner, Victoria"]
[Black "Eberwein, Leander"]
[Result "1/2-1/2"]
[Termination "normal"]
[Board "5.2"]
[WhiteElo "1777"]
[BlackElo "1332"]
[WhiteTeam "Erfurter SK"]
[BlackTeam "SF Brackel"]
[PlyCount "84"]
[WhiteFideId "16232348"]
[BlackFideId "16274954"]
[EventCountry "GER"]
[EventRounds "7"]
[EventType "team-swiss"]
[EventDate "2018.12.26"]

1. e4 e5 2. Nf3 Nc6 3. Bc4 Nf6 4. d3 h6 5. Nbd2 d6 6. c3 Bg4 7. h3 Be6 8. Bxe6
fxe6 9. d4 Nd7 10. Nc4 Qf6 11. dxe5 Ncxe5 12. Ncxe5 Nxe5 13. Nxe5 Qxe5 14. Qd4
Qxd4 15. cxd4 O-O-O 16. O-O g5 17. Be3 Bg7 18. Rac1 Rhe8 19. Rc2 Kb8 20. Rfc1
Rd7 21. Rd1 Ree7 22. Rd3 Re8 23. Ra3 a6 24. b4 Ree7 25. Rb3 Kc8 26. b5 axb5 27.
Rxb5 Bf8 28. Rc1 Bg7 29. Rcb1 c6 30. Rb6 d5 31. e5 Rf7 32. a4 Rc7 33. a5 Kd8
34. a6 bxa6 35. Rxa6 Bf8 36. Bd2 Rc8 37. Ba5+ Ke8 38. Rc1 Kd7 39. Bb6 Ke8 40.
Bc5 Bxc5 41. Rxc5 Kd7 42. Ra7+ Rc7 1/2-1/2

[Event "DVM U14 2018"]
[Site "Magdeburg GER"]
[Date "2018.12.28"]
[Round "4"]
[White "Seinsoth, Paul"]
[Black "Butusov, Maxim"]
[Result "1-0"]
[Termination "normal"]
[Board "5.4"]
[WhiteElo "1536"]
[BlackElo "957"]
[WhiteTeam "Erfurter SK"]
[BlackTeam "SF Brackel"]
[PlyCount "125"]
[WhiteFideId "12994634"]
[BlackFideId "16264320"]
[EventCountry "GER"]
[EventRounds "7"]
[EventType "team-swiss"]
[EventDate "2018.12.26"]

1. e4 e5 2. Nc3 Nc6 3. Bc4 d6 4. d3 Nf6 5. Nf3 Bg4 6. O-O Bxf3 7. Qxf3 Be7 8.
Nd5 Nd4 9. Qd1 b5 10. Nxf6+ Bxf6 11. Bb3 O-O 12. c3 Nxb3 13. Qxb3 Qd7 14. f4
exf4 15. Bxf4 c6 16. Rad1 Rfc8 17. d4 Be7 18. Bg3 Rf8 19. Rf3 a5 20. c4 a4 21.
Qc2 Rac8 22. e5 d5 23. b3 axb3 24. axb3 Qe6 25. Rc1 Ba3 26. Ra1 Be7 27. c5 Qg4
28. Rf4 Qg6 29. Qb2 Bg5 30. Rf3 f6 31. Raf1 h6 32. h4 fxe5 33. Rxf8+ Rxf8 34.
Rxf8+ Kxf8 35. hxg5 exd4 36. Qxd4 Qxg5 37. Qf4+ Qxf4 38. Bxf4 Kf7 39. g4 Kg6
40. Kf2 h5 41. Kg3 hxg4 42. Kxg4 Kf6 43. Bc7 Kg6 44. Bd8 d4 45. Kf4 d3 46. Ke3
Kf5 47. Kxd3 Ke6 48. Kd4 Kd7 49. Bg5 Ke6 50. Ke4 g6 51. b4 Kd7 52. Ke5 Kc7 53.
Ke6 Kb7 54. Kd7 Ka6 55. Kxc6 Ka7 56. Kxb5 Kb7 57. c6+ Kc7 58. Bf4+ Kd8 59. c7+
Kc8 60. Kc6 g5 61. Be3 g4 62. b5 g3 63. b6 1-0

[Event "DVM U14 2018"]
[Site "Magdeburg GER"]
[Date "2018.12.28"]
[Round "4"]
[White "Liebold, Aaron"]
[Black "Hetzner, Hannes"]
[Result "1/2-1/2"]
[Termination "normal"]
[Board "6.1"]
[WhiteElo "1892"]
[BlackElo "1895"]
[WhiteTeam "ESV Gera"]
[BlackTeam "SC Erlangen"]
[PlyCount "81"]
[WhiteFideId "12997846"]
[BlackFideId "16211936"]
[EventCountry "GER"]
[EventRounds "7"]
[EventType "team-swiss"]
[EventDate "2018.12.26"]

1. e4 e6 2. d4 d5 3. Nd2 Nf6 4. e5 Nfd7 5. Bd3 c5 6. c3 Nc6 7. Ne2 cxd4 8. cxd4
f6 9. exf6 Nxf6 10. Nf3 Bd6 11. O-O O-O 12. h3 Qc7 13. Re1 Bd7 14. Be3 Be8 15.
Ng5 Bf7 16. Rc1 Rae8 17. Nc3 a6 18. Bb1 Kh8 19. Nxf7+ Qxf7 20. a3 e5 21. dxe5
Rxe5 22. Qd3 Rfe8 23. Red1 Qe7 24. g3 Rh5 25. Kg2 Qd7 26. Rh1 Be5 27. f4 Bxc3
28. bxc3 Na5 29. Bd4 Ne4 30. Qf3 Rh6 31. Rce1 Qe7 32. Be5 Nc4 33. Bxe4 dxe4 34.
Rxe4 Nxe5 35. Rxe5 Re6 36. Rhe1 Qd7 37. Rxe6 Rxe6 38. Rxe6 Qxe6 39. Qxb7 Qe2+
40. Kh1 h6 41. Qc8+ 1/2-1/2

[Event "DVM U14 2018"]
[Site "Magdeburg GER"]
[Date "2018.12.28"]
[Round "4"]
[White "Högner, Tom"]
[Black "Müller, Magnus"]
[Result "1/2-1/2"]
[Termination "normal"]
[Board "6.2"]
[WhiteElo "1880"]
[BlackElo "1830"]
[WhiteTeam "SC Erlangen"]
[BlackTeam "ESV Gera"]
[PlyCount "81"]
[WhiteFideId "12995436"]
[BlackFideId "16230060"]
[EventCountry "GER"]
[EventRounds "7"]
[EventType "team-swiss"]
[EventDate "2018.12.26"]

1. e4 g6 2. d4 Bg7 3. Nf3 d6 4. Bc4 e6 5. Be3 Ne7 6. Nbd2 b6 7. c3 Bb7 8. Qc2
h6 9. O-O O-O 10. Rfe1 d5 11. exd5 Nxd5 12. Rad1 Nd7 13. Nf1 Rc8 14. Bc1 Qf6
15. Ne3 Nxe3 16. Rxe3 h5 17. Ne5 Nxe5 18. dxe5 Qe7 19. Bd3 Rcd8 20. Be4 Rxd1+
21. Qxd1 Rd8 22. Rd3 Rxd3 23. Qxd3 Bxe4 24. Qxe4 Qd7 25. Qe2 Bxe5 26. h3 Qd5
27. c4 Qd4 28. b3 Qa1 29. Qd2 Qc3 30. Qxc3 Bxc3 31. f4 c5 32. Kf2 f5 33. h4 Kf7
34. g3 Kf6 35. Ke2 Ke7 36. Bd2 Bxd2 37. Kxd2 Kd6 38. Kd3 a6 39. a4 e5 40. Ke3
Kc6 41. Kd3 1/2-1/2

[Event "DVM U14 2018"]
[Site "Magdeburg GER"]
[Date "2018.12.28"]
[Round "4"]
[White "Schubert, Nikita"]
[Black "Zeltner, Richard"]
[Result "1-0"]
[Termination "normal"]
[Board "6.3"]
[WhiteElo "1969"]
[BlackElo "1689"]
[WhiteTeam "ESV Gera"]
[BlackTeam "SC Erlangen"]
[PlyCount "69"]
[WhiteFideId "16212339"]
[BlackFideId "12972703"]
[EventCountry "GER"]
[EventRounds "7"]
[EventType "team-swiss"]
[EventDate "2018.12.26"]

1. d4 g6 2. c4 Bg7 3. g3 d6 4. Bg2 Nd7 5. Nc3 e5 6. Nf3 Ne7 7. e4 O-O 8. O-O
Nc6 9. Be3 Nf6 10. h3 Bd7 11. Qd2 Qe7 12. d5 Nb4 13. Bg5 Qe8 14. Ne1 Na6 15.
Nd3 Qc8 16. Kh2 c6 17. f4 cxd5 18. cxd5 exf4 19. Qxf4 Ne8 20. Be7 f6 21. Bxf8
Bxf8 22. Rac1 Qd8 23. Rfd1 Ng7 24. Ne2 Nh5 25. Qd2 Be7 26. Nef4 Ng7 27. Qc3 g5
28. Ne2 Qe8 29. Nd4 Qh5 30. Nf2 Rf8 31. Qf3 Qg6 32. g4 h5 33. Nf5 Bd8 34. Kg1
Be7 35. Nxe7+ 1-0

[Event "DVM U14 2018"]
[Site "Magdeburg GER"]
[Date "2018.12.28"]
[Round "4"]
[White "Gilbert, Tim"]
[Black "Helmsdorf, Marius"]
[Result "0-1"]
[Termination "normal"]
[Board "6.4"]
[WhiteElo "1617"]
[BlackElo "1533"]
[WhiteTeam "SC Erlangen"]
[BlackTeam "ESV Gera"]
[PlyCount "82"]
[WhiteFideId "16269527"]
[BlackFideId "16274873"]
[EventCountry "GER"]
[EventRounds "7"]
[EventType "team-swiss"]
[EventDate "2018.12.26"]

1. e4 c5 2. Nf3 d6 3. d4 cxd4 4. Nxd4 Nf6 5. Nc3 g6 6. Be3 Bg7 7. Bc4 a6 8. Bb3
Nbd7 9. f3 b5 10. Qd2 Nc5 11. h4 Nxb3 12. Nxb3 h5 13. O-O-O Bb7 14. e5 dxe5 15.
Qxd8+ Rxd8 16. Rxd8+ Kxd8 17. Nc5 Kc7 18. Rd1 b4 19. N3e4 Nd5 20. Bf2 Bh6+ 21.
Kb1 Rd8 22. Bg3 Bf4 23. Bxf4 exf4 24. b3 Bc8 25. Kb2 Kc6 26. Nd3 Bf5 27. Ne5+
Kc7 28. Nxf7 Rd7 29. Nc5 Ne3 30. Nxa6+ Kc8 31. Rxd7 Kxd7 32. c4 bxc3+ 33. Kxc3
Nxg2 34. a4 Nxh4 35. a5 Nxf3 36. Nc5+ Kc6 37. Kb4 Bc8 38. Nd3 h4 39. Nxf4 h3
40. Nxh3 Bxh3 41. Kc4 Be6+ 0-1

[Event "DVM U14 2018"]
[Site "Magdeburg GER"]
[Date "2018.12.28"]
[Round "4"]
[White "Glinzner, Alva"]
[Black "Meier, Silas"]
[Result "1/2-1/2"]
[Termination "normal"]
[Board "7.1"]
[WhiteElo "1889"]
[BlackElo "1758"]
[WhiteTeam "Lübecker SV"]
[BlackTeam "Schachakademie Paderborn"]
[PlyCount "83"]
[WhiteFideId "16206169"]
[BlackFideId "16210662"]
[EventCountry "GER"]
[EventRounds "7"]
[EventType "team-swiss"]
[EventDate "2018.12.26"]

1. e4 e6 2. d4 d5 3. Nd2 c5 4. exd5 Qxd5 5. Ngf3 cxd4 6. Bc4 Qd6 7. O-O Nc6 8.
Nb3 Nf6 9. Nbxd4 Nxd4 10. Nxd4 a6 11. Be3 Be7 12. Re1 O-O 13. Bd3 Qc7 14. c3
Rd8 15. Qe2 Nd5 16. Bd2 Nf4 17. Bxf4 Qxf4 18. Rad1 Bf8 19. Nf3 Bd7 20. Ne5 Be8
21. Be4 Bd6 22. Bxb7 Rab8 23. Bf3 Qxe5 24. Qxe5 Bxe5 25. Rxd8 Rxd8 26. Rxe5 Rd2
27. b3 Rc2 28. h3 Rxc3 29. Re2 Kf8 30. Rd2 Ke7 31. Be2 a5 32. Bc4 Bc6 33. f3
Re3 34. Kf2 Re5 35. Rd4 Bb5 36. Bxb5 Rxb5 37. Ke3 e5 38. Rd2 Ke6 39. Rd8 Kf5
40. Rd7 Ke6 41. Ra7 Rd5 42. g4 1/2-1/2

[Event "DVM U14 2018"]
[Site "Magdeburg GER"]
[Date "2018.12.28"]
[Round "4"]
[White "Yin, Haode"]
[Black "Bornholdt, Joa Max"]
[Result "1/2-1/2"]
[Termination "normal"]
[Board "7.2"]
[WhiteElo "1696"]
[BlackElo "1649"]
[WhiteTeam "Schachakademie Paderborn"]
[BlackTeam "Lübecker SV"]
[PlyCount "70"]
[WhiteFideId "16261348"]
[BlackFideId "16253477"]
[EventCountry "GER"]
[EventRounds "7"]
[EventType "team-swiss"]
[EventDate "2018.12.26"]

1. d4 Nf6 2. Nf3 c5 3. c4 g6 4. Nc3 Bg7 5. e4 cxd4 6. Nxd4 d6 7. Be2 O-O 8. O-O
Nc6 9. Nc2 Be6 10. f3 a6 11. Be3 Rc8 12. Rc1 Nd7 13. Qd2 Re8 14. b3 Qa5 15. Nd4
Nc5 16. Rb1 Nxd4 17. Bxd4 Bxd4+ 18. Qxd4 Nd7 19. Rfe1 Qg5 20. Bf1 h5 21. Rb2
Ne5 22. Qe3 Qf6 23. Rd2 Kg7 24. Nd5 Bxd5 25. exd5 Rc5 26. Bd3 b5 27. Rc2 Rec8
28. Rec1 bxc4 29. Bxc4 Qf5 30. Qe2 h4 31. b4 R5c7 32. Bb3 Rxc2 33. Rxc2 h3 34.
Qe4 Rxc2 35. Bxc2 Qxe4 1/2-1/2

[Event "DVM U14 2018"]
[Site "Magdeburg GER"]
[Date "2018.12.28"]
[Round "4"]
[White "Silini, Jalel"]
[Black "Nourzad, Shayan"]
[Result "1/2-1/2"]
[Termination "normal"]
[Board "7.3"]
[WhiteElo "1717"]
[BlackElo "1628"]
[WhiteTeam "Lübecker SV"]
[BlackTeam "Schachakademie Paderborn"]
[PlyCount "83"]
[WhiteFideId "16215397"]
[BlackFideId "16274890"]
[EventCountry "GER"]
[EventRounds "7"]
[EventType "team-swiss"]
[EventDate "2018.12.26"]

1. e4 e6 2. d4 d5 3. e5 c5 4. c3 Qb6 5. Nf3 Nc6 6. a3 c4 7. Be2 Na5 8. Nbd2 Bd7
9. O-O Ne7 10. Qc2 Nc8 11. Re1 Qc7 12. b3 cxb3 13. Nxb3 Ba4 14. Nfd2 Nb6 15.
Qb2 Nac4 16. Bxc4 Nxc4 17. Nxc4 dxc4 18. Nd2 Be7 19. Nf3 O-O 20. Bg5 Bc6 21.
Bxe7 Qxe7 22. Qe2 Rac8 23. Nd2 Qg5 24. Ne4 Qg6 25. f3 Bxe4 26. fxe4 Qg5 27.
Rab1 Rc7 28. Rb4 Rfc8 29. Reb1 b6 30. Rf1 h6 31. a4 Qd8 32. Ra1 Qg5 33. Rf1 Rc6
34. Rfb1 Kh7 35. Rf1 Kg8 36. Rfb1 a5 37. Rb5 Qd8 38. Rf1 Qd7 39. Qf2 Qb7 40.
Qe2 Qc7 41. Qf2 Qb7 42. Qe2 1/2-1/2

[Event "DVM U14 2018"]
[Site "Magdeburg GER"]
[Date "2018.12.28"]
[Round "4"]
[White "Brinkschröder, Josh"]
[Black "Maas, Kolja"]
[Result "0-1"]
[Termination "normal"]
[Board "7.4"]
[WhiteElo "1198"]
[BlackElo "1573"]
[WhiteTeam "Schachakademie Paderborn"]
[BlackTeam "Lübecker SV"]
[PlyCount "80"]
[WhiteFideId "16274903"]
[BlackFideId "16220420"]
[EventCountry "GER"]
[EventRounds "7"]
[EventType "team-swiss"]
[EventDate "2018.12.26"]

1. d4 Nf6 2. Nf3 g6 3. c4 Bg7 4. Nc3 O-O 5. e4 d6 6. Be2 Nbd7 7. h3 e5 8. d5 b6
9. Be3 Qe7 10. Qc2 Bb7 11. O-O-O a5 12. Kb1 Nc5 13. Nd2 c6 14. g4 cxd5 15. exd5
Bc8 16. g5 Bf5 17. Qxf5 gxf5 18. gxf6 Qxf6 19. Rhg1 f4 20. Bxc5 bxc5 21. Nde4
Qe7 22. Nb5 Rad8 23. h4 h6 24. h5 f5 25. Nec3 e4 26. Bf1 e3 27. fxe3 fxe3 28.
Re1 Kh7 29. Rg3 f4 30. Rg6 Rf6 31. Rg4 Kh8 32. Bd3 Qe5 33. Ne4 Rf7 34. Nbc3
Qxh5 35. Reg1 f3 36. R4g3 e2 37. Nf2 Bd4 38. Nce4 Qh2 39. Nh3 Bxg1 40. Nxg1
e1=Q# 0-1

[Event "DVM U14 2018"]
[Site "Magdeburg GER"]
[Date "2018.12.28"]
[Round "4"]
[White "Koll, Linus"]
[Black "Kirchner, Markus"]
[Result "1/2-1/2"]
[Termination "normal"]
[Board "8.1"]
[WhiteElo "2018"]
[BlackElo "1928"]
[WhiteTeam "Karlsruher SF"]
[BlackTeam "SF Schöneck"]
[PlyCount "49"]
[WhiteFideId "12990299"]
[BlackFideId "12979163"]
[EventCountry "GER"]
[EventRounds "7"]
[EventType "team-swiss"]
[EventDate "2018.12.26"]

1. e4 e6 2. d4 d5 3. exd5 exd5 4. Nf3 Nf6 5. Bd3 Bd6 6. c4 dxc4 7. Bxc4 O-O 8.
O-O Bg4 9. Be3 c6 10. Nbd2 Nbd7 11. Qc2 Qc7 12. h3 Bh5 13. Nh4 Nb6 14. Bd3 Nbd5
15. Ne4 Nxe4 16. Bxe4 Nf6 17. Bd3 Bg6 18. Nxg6 hxg6 19. Bc4 Kh7 20. f4 Nd5 21.
Bxd5 cxd5 22. Qf2 f5 23. h4 Rae8 24. g3 Rf6 25. Rae1 1/2-1/2

[Event "DVM U14 2018"]
[Site "Magdeburg GER"]
[Date "2018.12.28"]
[Round "4"]
[White "Tiggemann, Felix"]
[Black "Kravtsov, Maksim"]
[Result "0-1"]
[Termination "normal"]
[Board "8.2"]
[WhiteElo "1510"]
[BlackElo "1861"]
[WhiteTeam "SF Schöneck"]
[BlackTeam "Karlsruher SF"]
[PlyCount "74"]
[WhiteFideId "16221966"]
[BlackFideId "54173868"]
[EventCountry "GER"]
[EventRounds "7"]
[EventType "team-swiss"]
[EventDate "2018.12.26"]

1. e4 e6 2. d4 d5 3. e5 c5 4. c3 Nc6 5. Nf3 Qb6 6. Nbd2 Bd7 7. Nb3 c4 8. Nbd2
f6 9. Be2 fxe5 10. Nxe5 Nxe5 11. dxe5 g6 12. f4 Bc5 13. Nf3 Bf2+ 14. Kf1 Ne7
15. Nd4 Bxd4 16. Qxd4 Qxd4 17. cxd4 Nf5 18. Bd2 Nxd4 19. Rc1 O-O 20. Be3 Nc6
21. b3 b5 22. Bd1 Nxe5 23. Kg1 Nd3 24. Rb1 Nxf4 25. bxc4 bxc4 26. Rb7 Bc8 27.
Re7 Ba6 28. g3 Nd3 29. Rxe6 Rae8 30. Bg4 Bc8 31. Rxe8 Rxe8 32. Bxc8 Rxc8 33.
Kf1 a6 34. Ke2 Kf7 35. Kf3 Ne5+ 36. Kf4 g5+ 37. Kf5 Nf3 0-1

[Event "DVM U14 2018"]
[Site "Magdeburg GER"]
[Date "2018.12.28"]
[Round "4"]
[White "Wang, Xinyuan"]
[Black "Albrecht, Samuel"]
[Result "1-0"]
[Termination "normal"]
[Board "8.3"]
[WhiteElo "1748"]
[BlackElo "1062"]
[WhiteTeam "Karlsruher SF"]
[BlackTeam "SF Schöneck"]
[PlyCount "55"]
[WhiteFideId "16221494"]
[BlackFideId "16274920"]
[EventCountry "GER"]
[EventRounds "7"]
[EventType "team-swiss"]
[EventDate "2018.12.26"]

1. d4 d5 2. c4 Nf6 3. cxd5 Nxd5 4. e4 Nb6 5. Nc3 f5 6. e5 Nc6 7. Nf3 e6 8. Be2
Bb4 9. a3 Bxc3+ 10. bxc3 Bd7 11. a4 a5 12. Ng5 O-O 13. Qb3 Ne7 14. Nxe6 Bxe6
15. Qxe6+ Kh8 16. Bg5 Re8 17. Bh5 Ng6 18. Qxf5 Rf8 19. Qg4 Qe8 20. O-O Nd5 21.
c4 Nb6 22. f4 Qc6 23. d5 Qxc4 24. Bxg6 hxg6 25. Qh3+ Kg8 26. Qe6+ Kh8 27. Rad1
Nxa4 28. Rf3 1-0

[Event "DVM U14 2018"]
[Site "Magdeburg GER"]
[Date "2018.12.28"]
[Round "4"]
[White "Albrecht, Joel"]
[Black "Borodaev, Roman"]
[Result "0-1"]
[Termination "normal"]
[Board "8.4"]
[WhiteElo "774"]
[BlackElo "1330"]
[WhiteTeam "SF Schöneck"]
[BlackTeam "Karlsruher SF"]
[PlyCount "54"]
[WhiteFideId "16274938"]
[BlackFideId "16274881"]
[EventCountry "GER"]
[EventRounds "7"]
[EventType "team-swiss"]
[EventDate "2018.12.26"]

1. e4 c5 2. Nf3 Nc6 3. d4 cxd4 4. Nxd4 Nf6 5. Nc3 g6 6. f3 Bg7 7. Be3 O-O 8.
Be2 e6 9. g4 d5 10. Qd2 e5 11. Nxc6 bxc6 12. exd5 cxd5 13. Bh6 Bb7 14. O-O-O d4
15. Nb5 Nxg4 16. fxg4 Bxh1 17. Rxh1 a6 18. Na3 Qd5 19. Rf1 Qxa2 20. Bxg7 Kxg7
21. Nb1 Rab8 22. b3 Rfc8 23. Bd3 Rxb3 24. Rxf7+ Kxf7 25. Qe2 Rxb1+ 26. Kd2 Qa5+
27. c3 Qxc3# 0-1